ბათუმის შოთა რუსთაველის სახელმწიფო უნივერსიტეტის ბიბლიოთეკა

წითელი ყაყაჩო (ბიბ.ჩანაწერი № 48339)

000 -LEADER
fixed length control field 00667nam a2200217Ia 4500
001 - CONTROL NUMBER
control field 15227
003 - CONTROL NUMBER IDENTIFIER
control field GE_BSU
008 - FIXED-LENGTH DATA ELEMENTS--GENERAL INFORMATION
fixed length control field 181216s||||||||xx |||||||||||||| ||und||
040 ## - CATALOGING SOURCE
Transcribing agency GE_BSU
080 ## - UNIVERSAL DECIMAL CLASSIFICATION NUMBER
Universal Decimal Classification number 821.353.1-31
100 ## - MAIN ENTRY--PERSONAL NAME
Personal name შენგელაია,დემნა
245 ## - TITLE STATEMENT
Title წითელი ყაყაჩო
245 ## - TITLE STATEMENT
Remainder of title რომანი
245 ## - TITLE STATEMENT
Statement of responsibility, etc. რედ.კ.ბობოხიძე. მხატვ. თ.ბილიხოძე
260 ## - PUBLICATION, DISTRIBUTION, ETC.
Place of publication, distribution, etc. თბილისი
260 ## - PUBLICATION, DISTRIBUTION, ETC.
Name of publisher, distributor, etc. სახელგამი
260 ## - PUBLICATION, DISTRIBUTION, ETC.
Date of publication, distribution, etc. 1952
300 ## - PHYSICAL DESCRIPTION
Extent 220გვ.ილ.17სმ.
653 ## - INDEX TERM--UNCONTROLLED
Uncontrolled term წითელი ყაყაჩო
942 ## - ADDED ENTRY ELEMENTS (KOHA)
Koha item type წიგნი
ეგზემპლარები
Withdrawn status Lost status Damaged status Not for loan Date acquired Barcode Date last seen Price effective from Koha item type
        2018-12-17 38237 2018-12-17 2018-12-17 წიგნი
        2018-12-17 38238 2018-12-17 2018-12-17 წიგნი
        2018-12-17 38239 2018-12-17 2018-12-17 წიგნი
        2018-12-17 38240 2018-12-17 2018-12-17 წიგნი
        2018-12-17 38241 2018-12-17 2018-12-17 წიგნი
        2018-12-17 37994 2018-12-17 2018-12-17 წიგნი